| 000 | 00553nam a2200193Ia 4500 | ||
|---|---|---|---|
| 003 | LDD | ||
| 008 | 181029s9999 xx 000 0 und d | ||
| 020 |
_a195678931 _c595.00 |
||
| 040 | _cLDD | ||
| 100 | _aOberai, Pia | ||
| 245 | 0 |
_aExile and belonging _brefugees and state policy in south asia _cPia Oberai |
|
| 260 |
_aNew Delhi _bOxford _c2006 |
||
| 300 | _a298p. | ||
| 365 | _b595.00 | ||
| 901 |
_a4263 _b12-02-2008 |
||
| 902 |
_a12028 _b03-03-2008 _cF _dGBH _e32 |
||
| 903 |
_aDiscount-15 _bReqst by : A. S. Narang |
||
| 942 |
_2ddc _cBK |
||
| 999 |
_c80726 _d80726 |
||